000 00186 a2200097 4500
020 _a9780446570978
041 _aeng
100 _aSparks, Nicholas
245 _aThe last song0
942 _cBK
999 _c9127
_d9127